ბათუმის შოთა რუსთაველის სახელმწიფო უნივერსიტეტის ბიბლიოთეკა

Neuropsychology of Perinatal Complications / (ბიბ.ჩანაწერი № 61758)

000 -LEADER
fixed length control field 00745nam a22001937a 4500
005 - DATE AND TIME OF LATEST TRANSACTION
control field 20240429154050.0
008 - FIXED-LENGTH DATA ELEMENTS--GENERAL INFORMATION
fixed length control field 240429s1991 enk||||| |||| 00| 0 eng d
020 ## - INTERNATIONAL STANDARD BOOK NUMBER
International Standard Book Number 0826158900x
041 ## - LANGUAGE CODE
Language code of text/sound track or separate title eng
080 ## - UNIVERSAL DECIMAL CLASSIFICATION NUMBER
Universal Decimal Classification number 616.831+159.942 N-48
245 ## - TITLE STATEMENT
Title Neuropsychology of Perinatal Complications /
Statement of responsibility, etc. Editors Jeffery W. Gray, Raymond S. Dean.
264 ## - PRODUCTION, PUBLICATION, DISTRIBUTION, MANUFACTURE, AND COPYRIGHT NOTICE
Place of production, publication, distribution, manufacture New York :
Name of producer, publisher, distributor, manufacturer Springer,
Date of production, publication, distribution, manufacture, or copyright notice 1991.
300 ## - PHYSICAL DESCRIPTION
Extent 240 p.;
Other physical details 24 cm.
653 ## - INDEX TERM--UNCONTROLLED
keyword პერინატალური გართულებების ნეიროფსიქოლოგია
653 ## - INDEX TERM--UNCONTROLLED
keyword მედიცინა
700 ## - ADDED ENTRY--PERSONAL NAME
Personal name Gray, Jeffery W.
Relator term რედაქტორი
9 (RLIN) 21979
700 ## - ADDED ENTRY--PERSONAL NAME
Personal name Dean, Raymond S.
Relator term რედაქტორი
9 (RLIN) 21980
942 ## - ADDED ENTRY ELEMENTS (KOHA)
Source of classification or shelving scheme
Koha item type წიგნი
ეგზემპლარები
Withdrawn status Lost status Source of classification or shelving scheme Damaged status Not for loan Permanent Location Current Location Shelving location Date acquired Cost, normal purchase price Full call number Barcode Date last seen Copy number Price effective from Koha item type Public note
          ბათუმის შოთა რუსთაველის სახელმწიფო უნივერსიტეტის მთავარი ბიბლიოთეკა ბათუმის შოთა რუსთაველის სახელმწიფო უნივერსიტეტის მთავარი ბიბლიოთეკა წიგნსაცავი 2024-04-29 20.00 616.831+159.942 N-48 67923 2024-04-29 67923 2024-04-29 წიგნი 20 ლ.